00535cam a22002171 4500001001300000003000400013005001700017008004100034010001700075025001800092035002000110040002100130042001200151050002000163100003300183245004000216260001100256300001900267500001400286999001700300sa 63001160 DLC20260227111926.0950223s1962 ii 000 0 tamo  asa 63001160  aPL480:I-T-201 a(OCoLC)32040425 aDLCcCUdCUdDLC apremarc00aPL4758.9.S9bN51 aSwaminathan, Gomathi,d1919-10aNin̲aivō? Un̲ mukam kan̲avō? c[1962] a183 p.c19 cm. aIn Tamil. c53840d53840